000 00475nam a2200145Ia 4500
008 220216s9999 xx 000 0 und d
100 _aAudley B J
245 0 _aTranslocation and metabolism of ethephon and related compounds in Hevea brasiliensis
260 _bProceedings of the International Rubber Conference, Kuala Lumpur. V.2, 1975; p566-585
650 _aEthephon
650 _aHevea brasiliensis
700 _aArcher B L
700 _aCarruthers I B
942 _cJS
999 _c71493
_d71493